| 000 | 00409cam a2200157ua 4500 | ||
|---|---|---|---|
| 003 | OSt | ||
| 008 | 241226b |||||||| |||| 00| 0 eng d | ||
| 020 | _a9788121908177 | ||
| 082 |
_a530 _bAVA/TE |
||
| 100 |
_aAvadhanulu, M.N . _9492 |
||
| 245 | _aA Text book of engineering physics / | ||
| 260 |
_aNew Delhi : _bS.Chand and Co , _c2014 |
||
| 300 | _a1189 | ||
| 700 | 1 |
_aKshirsagar, P.G . _9493 |
|
| 942 | _cBK | ||
| 999 |
_c12242 _d12242 |
||